| 000 | 00682nam a2200217 i 4500 | ||
|---|---|---|---|
| 001 | 104031 | ||
| 003 | ES-MaACL | ||
| 005 | 20250814230840.0 | ||
| 007 | t| | ||
| 008 | 051122s1960 sp ||||1| spa d | ||
| 100 | 1 |
_aMeynaud, Jean. _980816 |
|
| 245 | 1 | 0 |
_aIntroducción a la ciencia política / _cJean Meynaud; [la traducción ha sido realizada por J. Pradera]. |
| 260 |
_aMadrid : _bTecnos, _c1960. |
||
| 300 |
_a342 p. ; _c24 cm. |
||
| 490 | 1 |
_aCiencias sociales ; _v3 |
|
| 650 | 7 |
_aPolítica _2embne _9140345 |
|
| 700 | 1 |
_aPradera, Javier. _993591 |
|
| 830 | 0 | 0 |
_aCiencias sociales _v3 _9177859 |
| 852 |
_aES-MaACL _jC-25822 _bR.54585 |
||
| 999 |
_c104031 _d104031 |
||